000 00616nam a2200169 a 4500
001 000029461
005 20200930055551.0
008 110415s1996 dr r 000 0 spa d
040 _aDO-SdBNP
_bspa
_cBNPHU
082 _axxx
_bC3978e
110 2 _aCentro Nacional de Investigaciones en Salud Materno Infantil
_955757
245 1 0 _aEstudio nacional sobre resistencia a las drogas antituberculosas en República Dominicana /
_ceditor Marcos A. Espinal.
260 _aSanto Domingo :
_bCENISMI,
_c1996.
300 _a28 p. ;
_ccm 28.
490 1 _aPublicaciones Ténicas
_v4
830 0 _aPublicaciones Técnicas
_n4
_956330
999 _c28953
_d28953